Statistiken für Alle 25k+ Städte in Deutschland auf einer Karte

Klicken Sie hier um das Quiz zu spielen!

Allgemein

  • Dieses Quiz wurde 3.349 mal gespielt
  • Das Durchschnittsergebnis liegt bei 206 aus 518

Antworten auf der Karte

Die Antworten werden auf der Karte rot bzw. grün angezeigt, abhängig davon wie oft sie richtig erraten wurden.
 

Antwortstatistiken

BundeslandBevölkerungAntwort% Korrekt
Berlin3.669.491Berlin
90%
Hamburg1.847.253Hamburg
89%
Bayern1.484.226München
88%
Hessen763.380Frankfurt am Main
87%
Brandenburg57.751Frankfurt an der Oder
87%
Bremen567.559Bremen
86%
Schleswig-Holstein246.794Kiel
86%
Nordrhein-Westfalen1.087.863Köln
86%
Baden-Württemberg635.911Stuttgart
85%
Sachsen556.780Dresden
84%
Sachsen593.145Leipzig
84%
Nordrhein-Westfalen588.250Dortmund
83%
Sachsen40.657Freiberg
83%
Baden-Württemberg231.195Freiburg im Breisgau
83%
Niedersachsen536.925Hannover
83%
Saarland180.374Saarbrücken
83%
Nordrhein-Westfalen621.877Düsseldorf
82%
Rheinland-Pfalz218.578Mainz
82%
Bayern518.370Nürnberg
82%
Brandenburg180.334Potsdam
82%
Mecklenburg-Vorpommern209.191Rostock
82%
Thüringen213.981Erfurt
80%
Nordrhein-Westfalen582.760Essen
80%
Sachsen-Anhalt237.565Magdeburg
80%
Nordrhein-Westfalen248.960Aachen
79%
Bremen113.643Bremerhaven
79%
Schleswig-Holstein90.164Flensburg
79%
Mecklenburg-Vorpommern95.653Schwerin
78%
Bayern296.582Augsburg
77%
Nordrhein-Westfalen329.673Bonn
77%
Baden-Württemberg312.060Karlsruhe
77%
Schleswig-Holstein216.530Lübeck
77%
Baden-Württemberg310.658Mannheim
77%
Baden-Württemberg40.538Schwäbisch Hall
77%
Sachsen246.334Chemnitz
76%
Baden-Württemberg126.790Ulm
76%
Hessen278.474Wiesbaden
76%
Nordrhein-Westfalen334.195Bielefeld
75%
Nordrhein-Westfalen498.686Duisburg
75%
Thüringen111.343Jena
75%
Hessen202.137Kassel
75%
Nordrhein-Westfalen365.587Bochum
73%
Niedersachsen249.406Braunschweig
73%
Baden-Württemberg161.485Heidelberg
73%
Bayern137.392Ingolstadt
73%
Nordrhein-Westfalen315.293Münster
73%
Bayern153.094Regensburg
73%
Nordrhein-Westfalen259.645Gelsenkirchen
72%
Rheinland-Pfalz111.528Trier
72%
Niedersachsen124.371Wolfsburg
72%
Hessen159.878Darmstadt
71%
Bayern128.497Fürth
71%
Niedersachsen165.251Osnabrück
71%
Bayern127.934Würzburg
71%
Brandenburg99.678Cottbus
70%
Niedersachsen169.077Oldenburg
70%
Nordrhein-Westfalen355.100Wuppertal
70%
Sachsen-Anhalt238.762Halle
69%
Rheinland-Pfalz100.030Kaiserslautern
69%
Rheinland-Pfalz114.052Koblenz
69%
Nordrhein-Westfalen163.729Leverkusen
69%
Brandenburg72.184Brandenburg an der Havel
68%
Niedersachsen118.911Göttingen
68%
Baden-Württemberg84.911Konstanz
68%
Thüringen93.125Gera
67%
Rheinland-Pfalz172.253Ludwigshafen am Rhein
67%
Nordrhein-Westfalen151.633Paderborn
67%
Bayern52.803Passau
67%
Bayern77.373Bamberg
66%
Nordrhein-Westfalen179.916Hamm
66%
Nordrhein-Westfalen261.034Mönchengladbach
66%
Bayern45.825Hof
65%
Nordrhein-Westfalen210.764Oberhausen
65%
Hessen130.280Offenbach am Main
65%
Sachsen88.690Zwickau
65%
Bayern74.783Bayreuth
64%
Nordrhein-Westfalen227.417Krefeld
64%
Nordrhein-Westfalen102.770Siegen
64%
Bayern71.002Aschaffenburg
63%
Baden-Württemberg55.185Baden-Baden
63%
Bayern112.528Erlangen
63%
Nordrhein-Westfalen188.686Hagen
63%
Baden-Württemberg126.592Heilbronn
63%
Baden-Württemberg125.957Pforzheim
63%
Nordrhein-Westfalen111.846Bergisch Gladbach
62%
Hessen68.635Fulda
62%
Hessen89.802Gießen
62%
Sachsen55.980Görlitz
62%
Thüringen65.228Weimar
62%
Niedersachsen48.164Cuxhaven
61%
Nordrhein-Westfalen156.449Herne
61%
Niedersachsen75.711Lüneburg
61%
Bayern58.978Neu-Ulm
61%
Baden-Württemberg115.865Reutlingen
61%
Bayern63.551Rosenheim
61%
Niedersachsen76.089Wilhelmshaven
61%
Niedersachsen49.913Emden
60%
Mecklenburg-Vorpommern59.232Greifswald
60%
Nordrhein-Westfalen153.896Neuss
60%
Nordrhein-Westfalen159.245Solingen
60%
Mecklenburg-Vorpommern59.418Stralsund
60%
Baden-Württemberg91.506Tübingen
60%
Nordrhein-Westfalen117.565Bottrop
59%
Baden-Württemberg61.283Friedrichshafen
59%
Hessen96.492Hanau
59%
Niedersachsen101.693Hildesheim
59%
Hessen77.129Marburg
59%
Hessen54.227Bad Homburg vor der Höhe
58%
Nordrhein-Westfalen111.397Recklinghausen
58%
Niedersachsen104.291Salzgitter
58%
Bayern53.426Schweinfurt
58%
Nordrhein-Westfalen96.459Witten
58%
Sachsen-Anhalt80.103Dessau-Roßlau
57%
Baden-Württemberg49.573Heidenheim an der Brenz
57%
Bayern69.151Kempten (Allgäu)
57%
Mecklenburg-Vorpommern63.761Neubrandenburg
57%
Baden-Württemberg50.897Ravensburg
57%
Baden-Württemberg68.393Aalen
56%
Nordrhein-Westfalen52.503Ahlen
56%
Nordrhein-Westfalen100.861Gütersloh
56%
Baden-Württemberg93.584Ludwigsburg
56%
Schleswig-Holstein80.196Neumünster
56%
Niedersachsen44.386Neustadt am Rübenberge
56%
Rheinland-Pfalz53.264Neustadt an der Weinstraße
56%
Saarland34.522Saarlouis
56%
Rheinland-Pfalz83.542Worms
56%
Niedersachsen69.540Celle
55%
Nordrhein-Westfalen170.632Mülheim an der Ruhr
55%
Nordrhein-Westfalen111.338Remscheid
55%
Baden-Württemberg85.707Villingen-Schwenningen
55%
Mecklenburg-Vorpommern42.963Wismar
55%
Sachsen38.425Bautzen
54%
Baden-Württemberg94.145Esslingen am Neckar
54%
Saarland41.875Homburg
54%
Bayern73.411Landshut
54%
Nordrhein-Westfalen81.716Minden
54%
Bayern41.072Coburg
53%
Thüringen42.250Eisenach
53%
Bayern27.215Garmisch-Partenkirchen
53%
Baden-Württemberg59.967Offenburg
53%
Rheinland-Pfalz50.561Speyer
53%
Bayern47.721Dachau
52%
Nordrhein-Westfalen91.216Düren
52%
Nordrhein-Westfalen103.902Moers
52%
Sachsen64.597Plauen
52%
Niedersachsen50.554Goslar
51%
Bayern44.100Memmingen
51%
Nordrhein-Westfalen58.936Unna
51%
Sachsen-Anhalt38.159Bitterfeld-Wolfen
50%
Niedersachsen77.559Delmenhorst
50%
Bayern25.512Lindau
50%
Bayern41.798Ansbach
49%
Baden-Württemberg57.813Göppingen
49%
Baden-Württemberg49.291Lörrach
49%
Rheinland-Pfalz34.193Zweibrücken
49%
Baden-Württemberg50.161Böblingen
48%
Thüringen45.419Gotha
48%
Niedersachsen57.434Hameln
48%
Nordrhein-Westfalen92.174Iserlohn
48%
Sachsen28.282Meißen
48%
Saarland46.179Neunkirchen
48%
Niedersachsen47.703Stade
48%
Sachsen-Anhalt45.752Wittenberg
48%
Bayern36.437Erding
47%
Nordrhein-Westfalen52.388Kleve
47%
Brandenburg37.639Königs Wusterhausen
47%
Rheinland-Pfalz40.231Pirmasens
47%
Bayern42.207Amberg
46%
Nordrhein-Westfalen74.254Detmold
46%
Rheinland-Pfalz46.881Landau in der Pfalz
46%
Nordrhein-Westfalen67.952Lippstadt
46%
Sachsen-Anhalt39.103Stendal
46%
Niedersachsen42.040Aurich
45%
Bayern49.126Freising
45%
Nordrhein-Westfalen75.610Gladbeck
45%
Niedersachsen34.786Leer
45%
Schleswig-Holstein79.357Norderstedt
45%
Thüringen41.726Nordhausen
45%
Baden-Württemberg49.918Rastatt
45%
Bayern25.238Roth
45%
Nordrhein-Westfalen47.514Soest
45%
Bayern47.791Straubing
45%
Thüringen36.789Suhl
45%
Hessen52.955Wetzlar
45%
Nordrhein-Westfalen71.113Bocholt
44%
Nordrhein-Westfalen73.343Castrop-Rauxel
44%
Niedersachsen30.847Geestland
44%
Hessen38.229Langen
44%
Hessen65.881Rüsselsheim am Main
44%
Nordrhein-Westfalen77.102Viersen
44%
Nordrhein-Westfalen60.230Wesel
44%
Niedersachsen40.193Buxtehude
43%
Niedersachsen35.451Cloppenburg
43%
Nordrhein-Westfalen58.381Euskirchen
43%
Nordrhein-Westfalen66.638Herford
43%
Hessen35.514Limburg an der Lahn
43%
Nordrhein-Westfalen72.313Lüdenscheid
43%
Brandenburg44.862Oranienburg
43%
Schleswig-Holstein43.667Pinneberg
43%
Niedersachsen52.165Wolfenbüttel
43%
Bayern44.398Kaufbeuren
42%
Niedersachsen35.313Meppen
42%
Niedersachsen49.990Peine
42%
Nordrhein-Westfalen76.218Rheine
42%
Baden-Württemberg61.137Schwäbisch Gmünd
42%
Baden-Württemberg64.905Sindelfingen
42%
Baden-Württemberg35.399Sinsheim
42%
Bayern42.743Weiden in der Oberpfalz
42%
Bayern37.004Fürstenfeldbruck
41%
Rheinland-Pfalz64.765Neuwied
41%
Baden-Württemberg36.102Tuttlingen
41%
Niedersachsen33.536Uelzen
41%
Thüringen31.633Altenburg
40%
Rheinland-Pfalz51.170Bad Kreuznach
40%
Rheinland-Pfalz48.762Frankenthal
40%
Niedersachsen54.708Lingen
40%
Nordrhein-Westfalen86.348Lünen
40%
Nordrhein-Westfalen87.520Ratingen
40%
Niedersachsen32.863Vechta
40%
Nordrhein-Westfalen73.456Arnsberg
39%
Nordrhein-Westfalen84.067Marl
39%
Sachsen38.422Pirna
39%
Rheinland-Pfalz25.899Bingen am Rhein
38%
Bayern33.721Deggendorf
38%
Brandenburg40.699Eberswalde
38%
Nordrhein-Westfalen50.952Gummersbach
38%
Nordrhein-Westfalen28.808Höxter
38%
Baden-Württemberg36.664Kehl
38%
Bayern29.228Landsberg am Lech
38%
Schleswig-Holstein25.416Schleswig
38%
Nordrhein-Westfalen81.842Velbert
38%
Nordrhein-Westfalen67.373Dinslaken
37%
Schleswig-Holstein49.983Elmshorn
37%
Nordrhein-Westfalen37.753Greven
37%
Nordrhein-Westfalen42.236Heinsberg
37%
Bayern40.277Neumarkt in der Oberpfalz
37%
Schleswig-Holstein28.896Rendsburg
37%
Baden-Württemberg47.643Singen
37%
Nordrhein-Westfalen74.953Troisdorf
37%
Niedersachsen27.706Verden
37%
Baden-Württemberg33.265Biberach an der Riß
36%
Nordrhein-Westfalen74.704Dorsten
36%
Niedersachsen42.837Gifhorn
36%
Schleswig-Holstein31.803Itzehoe
36%
Nordrhein-Westfalen66.702Kerpen
36%
Nordrhein-Westfalen38.757Mettmann
36%
Niedersachsen53.711Nordhorn
36%
Bayern40.981Schwabach
36%
Nordrhein-Westfalen41.554Siegburg
36%
Saarland25.809St. Wendel
36%
Rheinland-Pfalz28.468Bad Neuenahr-Ahrweiler
35%
Nordrhein-Westfalen36.257Coesfeld
35%
Nordrhein-Westfalen64.340Dormagen
35%
Niedersachsen61.032Garbsen
35%
Sachsen-Anhalt40.329Halberstadt
35%
Niedersachsen25.712Helmstedt
35%
Nordrhein-Westfalen59.731Hürth
35%
Baden-Württemberg43.843Rottenburg am Neckar
35%
Baden-Württemberg25.182Rottweil
35%
Baden-Württemberg30.150Weil am Rhein
35%
Brandenburg40.031Bernau bei Berlin
34%
Nordrhein-Westfalen42.629Borken
34%
Sachsen39.703Freital
34%
Nordrhein-Westfalen63.743Grevenbroich
34%
Thüringen38.891Ilmenau
34%
Nordrhein-Westfalen43.023Kamen
34%
Bayern25.866Kulmbach
34%
Saarland29.795Merzig
34%
Baden-Württemberg55.604Waiblingen
34%
Nordrhein-Westfalen48.604Bad Oeynhausen
33%
Nordrhein-Westfalen54.254Bad Salzuflen
33%
Nordrhein-Westfalen61.601Bergheim
33%
Nordrhein-Westfalen50.010Erftstadt
33%
Hessen25.559Groß-Gerau
33%
Mecklenburg-Vorpommern29.083Güstrow
33%
Nordrhein-Westfalen54.438Hattingen
33%
Nordrhein-Westfalen51.822Ibbenbüren
33%
Niedersachsen54.652Langenhagen
33%
Niedersachsen31.448Nienburg
33%
Nordrhein-Westfalen48.644Rheda-Wiedenbrück
33%
Nordrhein-Westfalen37.157Warendorf
33%
Sachsen-Anhalt32.534Wernigerode
33%
Sachsen25.086Zittau
33%
Hessen29.944Bad Hersfeld
32%
Sachsen32.405Hoyerswerda
32%
Sachsen-Anhalt32.155Naumburg
32%
Niedersachsen29.098Northeim
32%
Niedersachsen37.766Papenburg
32%
Bayern26.124Pfaffenhofen an der Ilm
32%
Thüringen29.278Saalfeld
32%
Saarland39.517Völklingen
32%
Nordrhein-Westfalen48.740Bergkamen
31%
Baden-Württemberg27.977Emmendingen
31%
Nordrhein-Westfalen52.439Frechen
31%
Bayern29.979Friedberg
31%
Hessen29.401Friedberg
31%
Nordrhein-Westfalen55.625Hilden
31%
Nordrhein-Westfalen32.653Jülich
31%
Sachsen-Anhalt33.873Merseburg
31%
Thüringen36.090Mühlhausen
31%
Brandenburg30.785Neuruppin
31%
Sachsen29.754Riesa
31%
Bayern29.130Schwandorf
31%
Brandenburg26.902Teltow
31%
Baden-Württemberg34.536Crailsheim
30%
Brandenburg43.994Falkensee
30%
Bayern32.260Forchheim
30%
Brandenburg31.965Fürstenwalde
30%
Nordrhein-Westfalen37.850Haltern am See
30%
Nordrhein-Westfalen61.821Herten
30%
Sachsen-Anhalt25.641Köthen
30%
Nordrhein-Westfalen40.619Lemgo
30%
Baden-Württemberg48.848Leonberg
30%
Sachsen33.894Radebeul
30%
Nordrhein-Westfalen55.847Sankt Augustin
30%
Nordrhein-Westfalen34.325Steinfurt
30%
Bayern25.285Unterhaching
30%
Baden-Württemberg45.425Weinheim
30%
Sachsen-Anhalt40.192Weißenfels
30%
Baden-Württemberg43.227Bietigheim-Bissingen
29%
Nordrhein-Westfalen56.482Eschweiler
29%
Rheinland-Pfalz28.520Idar-Oberstein
29%
Baden-Württemberg40.783Kirchheim unter Teck
29%
Nordrhein-Westfalen59.178Langenfeld
29%
Bayern29.793Neuburg an der Donau
29%
Nordrhein-Westfalen54.194Pulheim
29%
Nordrhein-Westfalen46.195Schwerte
29%
Saarland35.427St. Ingbert
29%
Nordrhein-Westfalen56.466Stolberg
29%
Nordrhein-Westfalen25.318Verl
29%
Schleswig-Holstein33.728Ahrensburg
28%
Sachsen-Anhalt32.573Bernburg
28%
Nordrhein-Westfalen44.126Brühl
28%
Niedersachsen39.729Buchholz in der Nordheide
28%
Nordrhein-Westfalen41.277Königswinter
28%
Baden-Württemberg47.201Lahr
28%
Nordrhein-Westfalen56.415Meerbusch
28%
Nordrhein-Westfalen52.608Menden
28%
Baden-Württemberg26.528Neckarsulm
28%
Brandenburg29.680Schwedt
28%
Baden-Württemberg34.332Balingen
27%
Hessen27.755Baunatal
27%
Baden-Württemberg44.776Bruchsal
27%
Baden-Württemberg46.083Filderstadt
27%
Sachsen28.173Grimma
27%
Hessen26.097Heppenheim
27%
Rheinland-Pfalz35.193Ingelheim am Rhein
27%
Niedersachsen46.588Melle
27%
Baden-Württemberg41.223Nürtingen
27%
Niedersachsen30.256Osterholz-Scharmbeck
27%
Baden-Württemberg37.348Backnang
26%
Nordrhein-Westfalen31.421Oer-Erkenschwick
26%
Nordrhein-Westfalen35.631Porta Westfalica
26%
Sachsen-Anhalt27.601Zeitz
26%
Niedersachsen31.923Achim
25%
Rheinland-Pfalz29.922Andernach
25%
Sachsen-Anhalt27.012Aschersleben
25%
Hessen40.756Bensheim
25%
Nordrhein-Westfalen46.657Dülmen
25%
Nordrhein-Westfalen30.142Ennepetal
25%
Nordrhein-Westfalen43.206Erkelenz
25%
Nordrhein-Westfalen47.290Hennef
25%
Niedersachsen44.030Lehrte
25%
Nordrhein-Westfalen39.915Löhne
25%
Niedersachsen26.935Lohne
25%
Nordrhein-Westfalen40.948Monheim am Rhein
25%
Hessen28.652Mühlheim am Main
25%
Hessen46.545Oberursel
25%
Brandenburg26.853Strausberg
25%
Schleswig-Holstein33.708Wedel
25%
Brandenburg26.412Werder
25%
Nordrhein-Westfalen50.391Willich
25%
Niedersachsen35.227Winsen
25%
Nordrhein-Westfalen38.756Würselen
25%
Nordrhein-Westfalen39.381Ahaus
24%
Baden-Württemberg45.465Albstadt
24%
Nordrhein-Westfalen25.812Bad Honnef
24%
Nordrhein-Westfalen25.451Brilon
24%
Nordrhein-Westfalen34.596Datteln
24%
Bayern40.399Germering
24%
Nordrhein-Westfalen48.321Gronau
24%
Bayern26.483Lauf an der Pegnitz
24%
Nordrhein-Westfalen25.541Lübbecke
24%
Sachsen-Anhalt25.963Sangerhausen
24%
Nordrhein-Westfalen30.961Emmerich am Rhein
23%
Niedersachsen41.606Laatzen
23%
Baden-Württemberg40.165Leinfelden-Echterdingen
23%
Brandenburg26.800Ludwigsfelde
23%
Niedersachsen41.591Seevetal
23%
Baden-Württemberg29.547Vaihingen an der Enz
23%
Nordrhein-Westfalen27.392Wetter
23%
Thüringen27.314Arnstadt
22%
Hessen42.102Dreieich
22%
Niedersachsen30.689Einbeck
22%
Nordrhein-Westfalen36.029Emsdetten
22%
Baden-Württemberg39.373Ettlingen
22%
Baden-Württemberg45.669Fellbach
22%
Schleswig-Holstein30.688Geesthacht
22%
Hessen39.647Hofheim am Taunus
22%
Hessen39.553Maintal
22%
Hessen34.891Mörfelden-Walldorf
22%
Hessen38.105Neu-Isenburg
22%
Niedersachsen25.424Rinteln
22%
Nordrhein-Westfalen30.767Werl
22%
Niedersachsen41.477Wunstorf
22%
Hessen32.447Bad Nauheim
21%
Hessen34.216Bad Vilbel
21%
Niedersachsen31.141Bramsche
21%
Nordrhein-Westfalen43.992Erkrath
21%
Nordrhein-Westfalen27.470Geilenkirchen
21%
Nordrhein-Westfalen37.596Kamp-Lintfort
21%
Baden-Württemberg39.312Ostfildern
21%
Baden-Württemberg33.083Rheinfelden
21%
Sachsen-Anhalt30.532Schönebeck
21%
Hessen30.050Taunusstein
21%
Bayern28.950Unterschleißheim
21%
Baden-Württemberg26.917Wangen im Allgäu
21%
Nordrhein-Westfalen48.321Bornheim
20%
Baden-Württemberg28.864Bühl
20%
Nordrhein-Westfalen45.187Bünde
20%
Baden-Württemberg28.328Geislingen an der Steige
20%
Nordrhein-Westfalen33.730Geldern
20%
Nordrhein-Westfalen29.786Meschede
20%
Nordrhein-Westfalen38.667Niederkassel
20%
Baden-Württemberg31.496Radolfzell am Bodensee
20%
Schleswig-Holstein27.950Reinbek
20%
Hessen45.719Rodgau
20%
Baden-Württemberg39.775Schorndorf
20%
Niedersachsen30.081Walsrode
20%
Baden-Württemberg28.240Winnenden
20%
Bayern25.588Zirndorf
20%
Baden-Württemberg25.642Achern
19%
Niedersachsen28.896Bad Zwischenahn
19%
Nordrhein-Westfalen36.815Beckum
19%
Niedersachsen30.727Burgdorf
19%
Niedersachsen31.756Georgsmarienhütte
19%
Nordrhein-Westfalen34.205Goch
19%
Nordrhein-Westfalen30.406Haan
19%
Brandenburg26.345Hennigsdorf
19%
Schleswig-Holstein28.104Henstedt-Ulzburg
19%
Baden-Württemberg31.738Herrenberg
19%
Nordrhein-Westfalen46.375Herzogenrath
19%
Nordrhein-Westfalen43.493Kaarst
19%
Baden-Württemberg33.825Kornwestheim
19%
Baden-Württemberg27.044Leimen
19%
Niedersachsen26.139Nordenham
19%
Bayern27.985Olching
19%
Nordrhein-Westfalen28.537Schwelm
19%
Niedersachsen34.401Seelze
19%
Hessen34.315Viernheim
19%
Nordrhein-Westfalen36.017Voerde
19%
Baden-Württemberg25.155Weingarten
19%
Nordrhein-Westfalen29.717Werne
19%
Nordrhein-Westfalen36.347Wesseling
19%
Niedersachsen34.187Barsinghausen
18%
Brandenburg27.939Blankenfelde-Mahlow
18%
Hessen26.432Butzbach
18%
Hessen34.298Dietzenbach
18%
Brandenburg26.283Hohen Neuendorf
18%
Baden-Württemberg25.082Horb am Neckar
18%
Nordrhein-Westfalen34.514Kempen
18%
Bayern28.059Königsbrunn
18%
Nordrhein-Westfalen42.496Nettetal
18%
Nordrhein-Westfalen27.187Neukirchen-Vluyn
18%
Nordrhein-Westfalen30.854Rheinberg
18%
Niedersachsen33.611Stuhr
18%
Baden-Württemberg27.082Weinstadt
18%
Baden-Württemberg26.799Wiesloch
18%
Nordrhein-Westfalen47.149Alsdorf
17%
Baden-Württemberg29.884Gaggenau
17%
Niedersachsen31.360Ganderkesee
17%
Bayern25.438Geretsried
17%
Nordrhein-Westfalen28.087Kevelaer
17%
Nordrhein-Westfalen31.122Kreuztal
17%
Nordrhein-Westfalen34.858Lage
17%
Hessen32.598Lampertheim
17%
Nordrhein-Westfalen25.119Petershagen
17%
Hessen25.096Pfungstadt
17%
Niedersachsen29.013Springe
17%
Nordrhein-Westfalen27.725Sundern
17%
Nordrhein-Westfalen29.328Waltrop
17%
Hessen26.052Weiterstadt
17%
Niedersachsen30.816Weyhe
17%
Baden-Württemberg29.566Bretten
16%
Baden-Württemberg26.293Ehingen
16%
Nordrhein-Westfalen26.858Hamminkeln
16%
Nordrhein-Westfalen27.714Mechernich
16%
Nordrhein-Westfalen29.238Oelde
16%
Nordrhein-Westfalen27.100Overath
16%
Nordrhein-Westfalen26.986Rheinbach
16%
Nordrhein-Westfalen26.872Schloß Holte-Stukenbrock
16%
Nordrhein-Westfalen25.925Selm
16%
Nordrhein-Westfalen30.701Gevelsberg
15%
Nordrhein-Westfalen34.062Hemer
15%
Nordrhein-Westfalen40.245Hückelhoven
15%
Nordrhein-Westfalen28.000Leichlingen
15%
Nordrhein-Westfalen25.308Lennestadt
15%
Nordrhein-Westfalen30.453Lohmar
15%
Nordrhein-Westfalen28.631Rösrath
15%
Nordrhein-Westfalen29.336Tönisvorst
15%
Nordrhein-Westfalen34.719Wermelskirchen
15%
Nordrhein-Westfalen31.989Delbrück
14%
Hessen27.473Griesheim
14%
Nordrhein-Westfalen26.345Heiligenhaus
14%
Hessen29.075Kelkheim
14%
Baden-Württemberg26.130Mühlacker
14%
Nordrhein-Westfalen25.237Plettenberg
14%
Hessen28.249Rödermark
14%
Nordrhein-Westfalen27.093Baesweiler
13%
Hessen25.234Friedrichsdorf
13%
Hessen27.674Hattersheim am Main
13%
Nordrhein-Westfalen33.251Korschenbroich
13%
Baden-Württemberg26.539Remseck am Neckar
13%
Nordrhein-Westfalen29.545Rietberg
13%
Niedersachsen29.582Wedemark
13%
Nordrhein-Westfalen25.163Harsewinkel
12%
Nordrhein-Westfalen28.169Wegberg
12%
Nordrhein-Westfalen25.161Wiehl
11%

Verteilung der Resultate

Perzentil nach korrekt beantworteten Fragen

Anzahl Personen mit jedem Resultat

Ihre Resultats-Entwicklung

Sie haben dieses Quiz noch nicht gespielt